Orígenes del partido Yunta Progresistea Escazuceña /
Gespeichert in:
| 1. Verfasser: | |
|---|---|
| Format: | Text |
| Schlagworte: | |
| Tags: |
Tag hinzufügen
Keine Tags, Fügen Sie den ersten Tag hinzu!
|
MARC
| LEADER | 00000 a a2200000 04500 | ||
|---|---|---|---|
| 001 | 8218 | ||
| 003 | |||
| 040 | |||
| 100 | |a Garnier Rímolo, Roxana | ||
| 245 | |a Orígenes del partido Yunta Progresistea Escazuceña / |c Roxana Garnier Rímolo | ||
| 650 | |a GOBIERNO LOCAL | ||
| 650 | |a PARTIDOS POLITICOS | ||
| 650 | |a PARTICIPACION COMUNITARIA | ||
| 773 | |g volumen 5, número 4; páginas 56-58 | ||
| 999 | |c 30154 |d 30154 | ||
